Príručka pre správu registratúry a archívu podnikateľských subjektov

Saved in:
Bibliographic Details
Other Authors: Kartous, Peter, Mrižová, Mária, Španková, Mária
Format: Book
Language:Slovak
Published: [S.l.] PT Servis 1998
Subjects:
Tags: Add Tag
No Tags, Be the first to tag this record!

MARC

LEADER 00000nam a2200000 4500
001 c106075
005 20221109094209.5
020 |a 80-967737-3-9 
041 0 |a slo 
044 |a SK 
245 1 0 |a Príručka pre správu registratúry a archívu podnikateľských subjektov  |c [zostavili: Peter Kartous, Mária Mrižová, Mária Španková] 
264 1 |a [S.l.]  |b PT Servis  |c 1998 
300 |a 180 s. 
610 2 0 |a register podnikový 
610 2 0 |a archívy 
610 2 0 |a organizácia 
610 2 0 |a evidencia 
610 2 0 |a agenda spisová 
610 2 0 |a manažment 
610 2 0 |a dokumenty 
610 2 0 |a dokumentácia 
610 2 0 |a systémy informačné 
610 2 0 |a spisy tajné 
610 2 0 |a predpisy 
610 2 0 |a evidencia účtovná 
610 2 0 |a archívnictvo 
610 2 0 |a archívy účtovné 
610 2 0 |a vyhlášky 
610 2 0 |a podnik 
610 2 0 |a Slovensko 
700 1 |a Kartous, Peter 
700 1 |a Mrižová, Mária 
700 1 |a Španková, Mária